Electronic democracy : television's impact on the American political process /

Saved in:
Bibliographic Details
Main Author: Saldich, Anne Rawley
Format: Book
Language:English
Published: New York : Praeger, 1979.
Subjects:
LEADER 01079nam a2200277 i 4500
001 c000334550
003 CARM
005 00000000000000.0
008 790706s1979 nyu b 00110 eng
019 1 |a 1471871  |z 23060122  |z 44121506  |5 LACONCORD2021 
020 |a 0030521467 :  |c $18.95 
035 |a (OCoLC)5219114  |5 LACONCORD2021 
043 |a n-us--- 
050 0 0 |a HE8700.7.P6  |b S24 
100 1 |a Saldich, Anne Rawley. 
245 1 0 |a Electronic democracy :  |b television's impact on the American political process /  |c Anne Rawley Saldich ; foreword by Bernard Rubin. 
260 |a New York :  |b Praeger,  |c 1979. 
300 |a xv, 122 p. ;  |c 24 cm. 
500 |a Includes index. 
504 |a Bibliography: p. 113-118. 
650 0 |a Television in politics  |z United States. 
650 0 |a Political participation  |z United States. 
852 8 |b CARM  |h A1:AN03F0  |i C09621  |p 0410773  |f BK 
082 0 4 |a 320.9/73 
999 f f |i b36ebaf1-b585-5b4c-929b-ddf6b1817e61  |s 2ece5eeb-6247-5a66-a33b-16a49a0d606f 
952 f f |p Can circulate  |a CAVAL  |b CAVAL  |c CAVAL  |d CARM 1 Store  |e C09621  |f A1:AN03F0  |h Other scheme  |i book  |m 0410773